مكتبة جامعة عجلون الوطنية

فهرس بحث المكتبة

الشركات التجارية في القانون المصري (Record no. 23980)

MARC details
000 -LEADER
fixed length control field 00742nam a2200217Ii 4500
003 - CONTROL NUMBER IDENTIFIER
control field JO-AjNU
008 - FIXED-LENGTH DATA ELEMENTS--GENERAL INFORMATION
fixed length control field 230605s9999||||xx |||||||||||||| ||und||
017 ## - COPYRIGHT OR LEGAL DEPOSIT NUMBER
Copyright or legal deposit number 1979/4388
020 ## - INTERNATIONAL STANDARD BOOK NUMBER
International Standard Book Number 1977-256-016-X
040 ## - CATALOGING SOURCE
Original cataloging agency JO-AjNU
Language of cataloging ara
Description conventions rda
Transcribing agency JO-AjNU
041 ## - LANGUAGE CODE
Language code of text/sound track or separate title ara
050 14 - LIBRARY OF CONGRESS CALL NUMBER
Classification number KRM1052.3.S5288.1980
100 3# - MAIN ENTRY--PERSONAL NAME
Personal name الشرقاوي، محمود سمير,
Relator term author
9 (RLIN) 46852
245 00 - TITLE STATEMENT
Title الشركات التجارية في القانون المصري
264 31 - PRODUCTION, PUBLICATION, DISTRIBUTION, MANUFACTURE, AND COPYRIGHT NOTICE
Place of production, publication, distribution, manufacture القاهرة : دار النهضة العربية ، 1980
300 ## - PHYSICAL DESCRIPTION
Extent 258ص
336 ## - CONTENT TYPE
Content type term text
Content type code txt
Source rdacontent
337 ## - MEDIA TYPE
Media type term unmediated
Media type code n
Source rdamedia
338 ## - CARRIER TYPE
Carrier type term volume
Carrier type code nc
Source rdacarrier
650 #4 - SUBJECT ADDED ENTRY--TOPICAL TERM
Topical term or geographic name entry element الشركات -- قوانين وتشريعات -- مصر
9 (RLIN) 46853
Holdings
Withdrawn status Lost status Source of classification or shelving scheme Damaged status Not for loan Home library Current library Shelving location Date acquired Total Checkouts Full call number Barcode Date last seen Price effective from Koha item type
    Library of Congress Classification     مكتبة جامعة عجلون الوطنية مكتبة جامعة عجلون الوطنية المجموعات العامة 06/06/2023   KRM1052.3.S5288.1980 A20412 06/06/2023 06/06/2023 Books